000 00321nam a2200133 i 4500
001 bg
100 1 _aIngarden, Roman
_d(1893-1970).
245 0 _aKsiążeczka o człowieku /
_cRoman Ingarden.
260 _aKraków,
_c1975.
040 _cBPK
041 _apol
942 _cKS
008 s pl f |000 0 pol
999 _c16671
_d16671
856 _uhttp://koha.tu.koszalin.pl/cgi-bin/koha/opac-detail.pl?biblionumber=16671
_yKatalog online BPK